| 000 | 00346nam a2200133Ia 4500 | ||
|---|---|---|---|
| 008 | 221030s9999 xx 000 0 und d | ||
| 041 | _aEnglish | ||
| 100 | _aH. E. Weste | ||
| 245 | 0 |
_aPrinciples of CMOS VLSI Design -A System Perspective _cby H. E. Weste, K. Eshraghian |
|
| 260 | _c0 | ||
| 650 | _aB | ||
| 700 | _aK. Eshraghian | ||
| 942 | _cBK | ||
| 999 |
_c14132 _d14132 |
||